| 000 | 00786cab a2200265 4500 | ||
|---|---|---|---|
| 001 | ABS57034 | ||
| 008 | 090401t1997 xxu||||| |||| 00| 0 eng d | ||
| 035 | _a(Sirsi) u98437 | ||
| 041 | _aeng | ||
| 100 | _aSimpson, L. | ||
| 245 | _aRisk management for a risky business | ||
| 260 | _c1997 | ||
| 350 | _a0 | ||
| 490 |
_aCSM (Chartered Surveyor Monthly) _v6(8) May 1997, 38-39(2) |
||
| 520 | _aLooks at what is risk management, how to identify and analyse risk and risk response options that are available. | ||
| 650 | _aBUILT ENVIRONMENT | ||
| 650 | _aPROCUREMENT STRATEGY | ||
| 650 | _aRISK ANALYSIS | ||
| 650 | _aRISK IDENTIFICATION | ||
| 650 | _aRISK MANAGEMENT | ||
| 690 |
_aProject management _96261 |
||
| 700 | _aSimpson, E. | ||
| 942 | _n0 | ||
| 948 | _c04/06/1997 | ||
| 999 |
_c59830 _d59830 |
||